Huejotzingo (Record no. 4475)

MARC details
000 -CABECERA
campo de control de longitud fija 01052nam a2200301 a 4500
001 - NÚMERO DE CONTROL
campo de control BRCA_4778
005 - FECHA Y HORA DE LA ÚLTIMA TRANSACCIÓN
campo de control 20190320204812.0
008 - DATOS DE LONGITUD FIJA--INFORMACIÓN GENERAL
campo de control de longitud fija 100110s1934----mx-a######---#000-0#spa-#
041 ## - CÓDIGO DE LENGUA
Código de lengua del texto/banda sonora o título independiente spa
044 ## - CÓDIGO DEL PAÍS DE LA ENTIDAD EDITORA/PRODUCTORA
Código MARC del país mx
050 #4 - SIGNATURA TOPOGRÁFICA DE LA BIBLIOTECA DEL CONGRESO
Número de clasificación NA5257
Número de documento/Ítem .G37 2 1934
100 1# - ENTRADA PRINCIPAL--NOMBRE DE PERSONA
Nombre de persona García Granados, Rafael.
9 (RLIN) 10174
245 10 - MENCIÓN DE TÍTULO
Título Huejotzingo
Resto del título la ciudad y el convento franciscano
Mención de responsabilidad, etc. texto de Rafael García Granados y Luis MacGregor.
260 ## - PUBLICACIÓN, DISTRIBUCIÓN, ETC.
Lugar de publicación, distribución, etc. México
Nombre del editor, distribuidor, etc. Talleres Gráficos de la Nación
Fecha de publicación, distribución, etc. 1934
300 ## - DESCRIPCIÓN FÍSICA
Extensión 375 p.
Otras características físicas il.
Dimensiones 23 cm.
440 #0 - MENCIÓN DE SERIE/PUNTO DE ACCESO ADICIONAL--TÍTULO
Título Monografías históricas mexicanas
9 (RLIN) 12074
500 ## - NOTA GENERAL
Nota general Estado físico: Cubierta deteriorada
500 ## - NOTA GENERAL
Nota general Incluye índice alfabético e índice de ilustraciones
500 ## - NOTA GENERAL
Nota general Ejemplar igual a C65
500 ## - NOTA GENERAL
Nota general CFG53
650 14 - PUNTO DE ACCESO ADICIONAL DE MATERIA--TÉRMINO DE MATERIA
Término de materia o nombre geográfico como elemento de entrada San Francisco
Subdivisión general Convento
Subdivisión geográfica Huejotzingo, Puebla
9 (RLIN) 12075
650 14 - PUNTO DE ACCESO ADICIONAL DE MATERIA--TÉRMINO DE MATERIA
Término de materia o nombre geográfico como elemento de entrada Arquitectura religiosa
Término indicativo de función/relación México
9 (RLIN) 4011
650 14 - PUNTO DE ACCESO ADICIONAL DE MATERIA--TÉRMINO DE MATERIA
Término de materia o nombre geográfico como elemento de entrada Conventos y monasterios
Término indicativo de función/relación México
9 (RLIN) 10020
651 #4 - PUNTO DE ACCESO ADICIONAL DE MATERIA--NOMBRE GEOGRÁFICO
Nombre geográfico Huejotzingo
Subdivisión geográfica Puebla
9 (RLIN) 12076
700 1# - PUNTO DE ACCESO ADICIONAL--NOMBRE DE PERSONA
Nombre de persona McGregor Luis
Títulos y otros términos asociados al nombre Arquitecto
9 (RLIN) 12077
902 ## - CATALOGADOR
Iniciales GFM
942 ## - ELEMENTOS DE PUNTO DE ACCESO ADICIONAL (KOHA)
Fuente del sistema de clasificación o colocación Library of Congress Classification
Tipo de ítem Koha Libros
Holdings
Estado de retiro Estado de pérdida Estado dañado No para préstamo Localización permanente Ubicación/localización actual Fecha de adquisición Número de inventario Total de préstamos Signatura topográfica completa Código de barras Fecha visto por última vez Precio válido a partir de Tipo de ítem Koha
El ejemplar forma parte de la colección y puede ser consultado según las políticas vigentes.       Biblioteca del Museo Franz Mayer (Rogerio Casas-Alatriste) Biblioteca del Museo Franz Mayer (Rogerio Casas-Alatriste) 08/10/2010 CFG53   NA5257 .G37 2 1934 (CFG53) 4804 22/03/2019 22/03/2019 Libros